Športovisko budúcnosti

Guardado en:
Detalles Bibliográficos
Autor principal: Durbáková, Alica (Autor)
Otros Autores: Boroš, Andrej (Orientador)
Formato: Manuscrito Libro
Lenguaje:eslovaco
Publicado: 2025
Materias:
Acceso en línea:http://is.stuba.sk/zp/portal_zp.pl?podrobnosti=185643
Etiquetas: Agregar Etiqueta
Sin Etiquetas, Sea el primero en etiquetar este registro!

MARC

LEADER 00000ntm a22000003a 4500
001 stuzp105009
003 SK-STU
005 20250607211030.3
007 ta
008 150427s2015----xo-----f-mn---000-0-slo-d
040 |a STU  |b slo 
041 0 |a slo 
100 1 |a Durbáková, Alica  |u 058180  |4 aut  |U FAD Fakulta architektúry a dizajnu  |T FAD Ústav architektúry občianskych budov  |X 103808  |U A8180  |Y 399  |7 103808 
242 0 1 |a Sport Facility of the Future  |y eng 
245 1 0 |a Športovisko budúcnosti 
260 |c 2025 
650 4 |a exercise  |2 eng 
650 4 |a Sport Facility of the Future  |2 eng 
650 4 |a artificial intelligence  |2 eng 
650 4 |a sports complex  |2 eng 
650 4 |a športový komplex  |2 slo 
650 4 |a pohyb  |2 slo 
650 4 |a umelá inteligencia  |2 slo 
650 4 |a športovisko budúcnosti  |2 slo 
700 1 |a Boroš, Andrej  |4 ths  |X 15526  |7 A000015526 
856 4 |u http://is.stuba.sk/zp/portal_zp.pl?podrobnosti=185643